Humanae vitae : carta encíclica de su santidad el Papa Pablo VI sobre la regulación de la natalidad /

Guardat en:
Dades bibliogràfiques
Autor corporatiu: Iglesia Católica. Papa (1963-1978 : Paulo VI)
Format: Llibre
Idioma:espanyol
Matèries:
Etiquetes: Afegir etiqueta
Sense etiquetes, Sigues el primer a etiquetar aquest registre!

MARC

LEADER 00000nam^a2200000^a^4500
001 000183858
005 20250521000000.0
005 20250521000000.0
009 20260310102054.853
037 |a Acervo ITESO - Biblioteca 
041 |a ESP 
082 |a 262. 91  |b IGL HUM PAU 1968 
110 |a Iglesia Católica.  |b Papa (1963-1978 : Paulo VI) 
240 1 1 |a [Encíclicas papales] 
240 1 1 |a [Humanae vitae] 
240 1 1 |a [Exortaciones apostólicas] 
245 1 0 |a Humanae vitae :  |b carta encíclica de su santidad el Papa Pablo VI sobre la regulación de la natalidad /  |c Paulo VI. 
246 2 |a Título en la cubierta: Humanae vitae: Paulo VI sobre la regualción de la natalidad y Exhortación del episcopado mexicano 
264 |a Guadalajara, México :  |b Círculo de Estudios Sociales San Pablo,  |c 1968 
300 |a 16, 3 p. 
336 |a texto  |b txt  |2 rdacontenido 
337 |a sin mediación  |b n  |2 rdamedio 
338 |a volumen  |b nc  |2 rdasoporte 
649 |a XX 
650 |a Valores 
650 |a Iglesia Católica -  |x Historia -  |y Papa, 1963-1978 (Paulo VI) 
650 |a Conducta de Vida 
650 |a Cristianismo 
650 |a Matrimonio 
650 |a Paternidad -  |x Aspectos Eticos 
650 |a Relaciones Padres-Hijos 
650 |a Relaciones de Pareja 
650 |a Control Natal 
650 |a Reproducción Humana -  |x Aspectos Eticos 
650 |a Encíclicas -  |x Historia y Crítica 
650 |a Encíclicas 
650 |a Axiología 
650 |a Familia 
650 |a Religión 
650 |a Desarrollo Económico-Social 
650 |a Iglesia Católica en México -  |x Historia -  |y Siglo XX 
650 |a Iglesia y Educación 
650 |a Iglesia Católica -  |x Cartas y Edictos Pastorales 
650 |a Documentos Pontificios 
650 |a Educación Religiosa 
650 |a Teología Doctrinal 
650 |a Orientación Pastoral 
650 |a Control Social 
740 0 |a Exortación del episcopado mexicano al pueblo de México /  |c Conferencia del Episcopado Mexicano. 
910 |a Fondo General 
920 |a Impresos - Libros 
930 |a Colección General 
905 |a 101 
901 |a 0500124527  |b IT1  |c ACC  |u 20250521 
902 |a https://opac.biblio.iteso.mx/vufind/Record/000183858